ՀՀ Գիտությունների ազգային ակադեմիայի հիմնարար գիտական գրադարան  =   Fundamental Scientific Library of NAS RA

Если бы не война... : (Record no. 523402)

MARC details
000 -LEADER
fixed length control field 00861nam a2200217 a 4500
003 - CONTROL NUMBER IDENTIFIER
control field AM-YEHGA
001 - CONTROL NUMBER
control field 1415504
005 - DATE AND TIME OF LATEST TRANSACTION
control field 20250617164421.0
008 - FIXED-LENGTH DATA ELEMENTS--GENERAL INFORMATION
fixed length control field 181019s1962 ru |||||r|||||000|1|rus||
040 ## - CATALOGING SOURCE
Original cataloging agency AM-YeHGA
041 1# - LANGUAGE CODE
Language code of text/sound track or separate title rus
Language code of original chm
090 ## - LOCALLY ASSIGNED LC-TYPE CALL NUMBER (OCLC); LOCAL CALL NUMBER (RLIN)
-- 527016
100 1# - MAIN ENTRY--PERSONAL NAME
Personal name Каткова, Зинаида Федоровна
245 10 - TITLE STATEMENT
Title Если бы не война... :
Remainder of title Повесть /
Statement of responsibility, etc. Зинаида Каткова ; [Перевод с марийского Ю.С. Новикова].
260 ## - PUBLICATION, DISTRIBUTION, ETC.
Place of publication, distribution, etc. Йошкар-Ола :
Name of publisher, distributor, etc. Маркнигоиздат,
Date of publication, distribution, etc. 1962.
300 ## - PHYSICAL DESCRIPTION
Extent 58 с. ;
Dimensions 20 см.
650 14 - SUBJECT ADDED ENTRY--TOPICAL TERM
Topical term or geographic name entry element Марийская литература
General subdivision Проза
653 0# - INDEX TERM--UNCONTROLLED
Uncontrolled term Молодежь в Великой Отечественной войне 1941-1945 гг. (х. л.)
700 1# - ADDED ENTRY--PERSONAL NAME
Personal name Новиков, Ю.С.
Relator term пер.
Relationship trl
942 ## - ADDED ENTRY ELEMENTS (KOHA)
Source of classification or shelving scheme Universal Decimal Classification
Koha item type Գրքեր / Books
Holdings
Withdrawn status Lost status Damaged status Not for loan Collection Home library Current library Date acquired Total checkouts Full call number Barcode Date last seen Price effective from Koha item type Public note
        General Fundamental Scientific Library Fundamental Scientific Library 27/01/2022   РII/70206 FL0670682 27/01/2022 27/01/2022 Գրքեր / Books 30 Days Loan


ՀՀ ԳԱԱ հիմնարար գիտական գրադարան
ՀՀ,Երևան 0019
Մարշալ Բաղրամյան 24/6
հեռախոս:(374-10) 52-47-50
Հետադարձ կապ

All site content, except where otherwise noted, is licensed under a
Creative Commons License